| 000 | 00727nam a2200181Ia 4500 | ||
|---|---|---|---|
| 008 | 131103s9999 xx 000 0 und d | ||
| 040 | _aLoreto College | ||
| 041 | _aEnglish | ||
| 082 |
_a551.4/BIS _bLCLIB/52585;42586 |
||
| 100 | _aBiswas, Kumud Ranjan | ||
| 245 |
_aRivers of Bengal. V. I and V. II _b A compilation _cKumud Ranjan Biswas |
||
| 260 |
_aKolkata _bWest Bengal District Gazetteers _c2001rep. |
||
| 300 | _alii,256p, maps, tables and charts | ||
| 504 | _aV I: Rivers of the Bengal delta by S.C. Majumdar; The ancient system of irrigation in Bengal by Sir William Willcocks; Recent changes in the Delta of the Ganges by James Fergusson. | ||
| 650 | _aRivers | ||
| 651 | _aFluvial Geomorphology | ||
| 942 | _cBK | ||
| 999 |
_c2318 _d52797 |
||